| LEADER |
00943nam0a2200205 450 |
| 001 |
16848102 |
| 010 |
|
|
|a 978-2-410-02968-0
|b br.
|d 23
|
| 100 |
|
|
|a 20250114d2025 u u0frey01 ba
|
| 101 |
0 |
|
|a fre
|
| 102 |
|
|
|a FR
|
| 200 |
0 |
|
|a géologie au service de l'enquête (La)
|f Patrick De Wever
|g avec la collaboration de Richard Marlet
|
| 207 |
|
1 |
|a
|
| 215 |
|
|
|a 1 vol. (224 p.)
|c illustrations en noir et en couleur
|d 22 x 15 cm
|
| 300 |
|
|
|a Bibliogr. Glossaire. Index
|
| 330 |
|
|
|a A partir d'affaires criminelles françaises et internationales, l'auteur montre comment la géologie permet de résoudre certains crimes : analyse sismique, utilisation de géoradar, comparaison de grains de quartz, entre autres.
|
| 700 |
|
0 |
|a Wever
|b Patrick de
|4 70
|
| 702 |
|
0 |
|a Marlet
|b Richard
|4 205
|
| 900 |
|
|
|a Documentaire
|
| 901 |
|
|
|a Accessible au prêt
|
| 995 |
|
|
|a Bibliothèque
|c Bibliothèque
|f 00156009422759
|h 00156009422759
|k 551 DEW
|o p
|q a
|r az
|e Bibliothèque
|